Every Country to win a Winter Olympic Medal: Skating - Statistics

General Stats
  • This quiz has been taken 27 times
  • The average score is 50 of 72
Answer Stats
Sport # of Medals Country % Correct
Figure Skating 29 Canada
92%
Short-Track Speed Skating 37 Canada
92%
Speed Skating 42 Canada
92%
Figure Skating 9 China
92%
Short-Track Speed Skating 37 China
92%
Speed Skating 9 China
92%
Figure Skating 3 Netherlands
92%
Short-Track Speed Skating 9 Netherlands
92%
Speed Skating 133 Netherlands
92%
Figure Skating 26 Russia
92%
Short-Track Speed Skating 5 Russia
92%
Speed Skating 13 Russia
92%
Figure Skating 54 USA
92%
Short-Track Speed Skating 20 USA
92%
Speed Skating 71 USA
92%
Figure Skating 14 France
88%
Figure Skating 9 Germany
88%
Speed Skating 38 Germany
88%
Figure Skating 15 Great Britain
88%
Short-Track Speed Skating 1 Great Britain
88%
Figure Skating 2 Italy
88%
Short-Track Speed Skating 15 Italy
88%
Speed Skating 7 Italy
88%
Figure Skating 11 Japan
88%
Short-Track Speed Skating 3 Japan
88%
Speed Skating 26 Japan
88%
Figure Skating 6 Norway
88%
Speed Skating 87 Norway
88%
Figure Skating 3 Switzerland
88%
Figure Skating 2 South Korea
83%
Short-Track Speed Skating 53 South Korea
83%
Speed Skating 20 South Korea
83%
Figure Skating 20 Austria
79%
Speed Skating 6 Austria
79%
Figure Skating 2 Finland
79%
Speed Skating 24 Finland
79%
Figure Skating 1 Spain
79%
Figure Skating 10 Sweden
79%
Speed Skating 18 Sweden
79%
Figure Skating 6 Hungary
75%
Short-Track Speed Skating 4 Hungary
75%
Speed Skating 6 Poland
75%
Figure Skating 24 Soviet Union
75%
Speed Skating 60 Soviet Union
75%
Short-Track Speed Skating 2 Australia
71%
Figure Skating 2 Belgium
71%
Short-Track Speed Skating 1 Belgium
71%
Speed Skating 3 Belgium
71%
Figure Skating 1 Kazakhstan
71%
Speed Skating 1 Kazakhstan
71%
Figure Skating 2 Ukraine
71%
Speed Skating 1 Belarus
67%
Figure Skating 10 East Germany
63%
Speed Skating 29 East Germany
63%
Speed Skating 8 Czech Republic
58%
Figure Skating 2 West Germany
58%
Speed Skating 3 West Germany
58%
Figure Skating 5 Czechoslovakia
54%
Short-Track Speed Skating 3 Bulgaria
50%
Short-Track Speed Skating 1 North Korea
29%
Speed Skating 1 North Korea
29%
Figure Skating 5 Unified Team
25%
Short-Track Speed Skating 1 Unified Team
25%
Figure Skating 6 Russian Olympic Committee
21%
Short-Track Speed Skating 2 Russian Olympic Committee
21%
Speed Skating 2 Russian Olympic Committee
21%
Figure Skating 3 United Team of Germany
8%
Speed Skating 2 United Team of Germany
8%
Figure Skating 3 Olympic Athletes from Russia
4%
Short-Track Speed Skating 1 Olympic Athletes from Russia
4%
Speed Skating 1 Olympic Athletes from Russia
4%
Figure Skating 1 Russian Empire
4%
No matching quizzes found
Score Distribution
Percent of People with Each Score
Percentile by Number Answered
Your Score History
You have not taken this quiz